Az ürömlevelű parlagfű megítélésének kérdőíves vizsgálata
Elmentve itt :
| Szerző: | |
|---|---|
| További közreműködők: | |
| Dokumentumtípus: | Szakdolgozat |
| Megjelent: |
2018
|
| Kulcsszavak: | Ürömlevelű parlagfű Parlagfű |
| Tárgyszavak: | |
| Online Access: | http://diploma.bibl.u-szeged.hu/103091 |
| LEADER | 00702nta a2200217 i 4500 | ||
|---|---|---|---|
| 001 | dipl103091 | ||
| 005 | 20211027131333.0 | ||
| 008 | 211026s2018 hu om 0|| hun d | ||
| 040 | |a SZTE Diploma Repozitórium |b hun | ||
| 041 | |a hun | ||
| 100 | 1 | |a Somorjai Ágnes | |
| 245 | 1 | 3 | |a Az ürömlevelű parlagfű megítélésének kérdőíves vizsgálata |h [elektronikus dokumentum] / |c Ágnes Somorjai |
| 260 | |c 2018 | ||
| 300 | |a 53 | ||
| 650 | 4 | |a Agrár | |
| 650 | 4 | |a Agricultural sciences | |
| 650 | 4 | |a Weeds | |
| 695 | |a Ürömlevelű parlagfű | ||
| 695 | |a Parlagfű | ||
| 700 | 1 | |a Szarvas Adrienn |e ths | |
| 856 | 4 | 0 | |u http://diploma.bibl.u-szeged.hu/id/eprint/103091/1/2018_somorjai_agnes.pdf |z Dokumentum-elérés |